000 00488nam a2200169Ia 4500
005 20250423095551.0
008 250422s9999 xx 000 0 und d
020 _a978195146011
050 _aR 726.8 .H353/
245 0 _aHandbook for mortals : guidance for people facing serious illness
260 _aNew York
260 _bOxford University Press
260 _c1999
300 _a242 p
650 _aDeath. Terminally ill. Terminal care. Electronic books. |2 local.
942 _cBK
999 _c30669
_d30669